[Event "Harstad op-B"]
[Site "Harstad"]
[Date "2006.10.15"]
[Round "4"]
[White "Alsos, Ulv Greve"]
[Black "Rostad, Mia Kristin"]
[Result "1-0"]
[WhiteElo "1052"]
[BlackElo "895"]
[PlyCount "39"]
[EventDate "2006.10.13"]
[EventType "swiss"]
[EventRounds "5"]
[EventCountry "NOR"]
[SourceTitle "EXT 2008"]
[Source "ChessBase"]
[SourceDate "2007.11.25"]
[SourceVersion "1"]
[SourceVersionDate "2007.11.25"]
[SourceQuality "1"]

1. d4 Nf6 2. Bg5 g6 3. h4 Bg7 4. Nc3 d5 5. Qd2 0-0 6. 0-0-0 Bf5 7. Bh6 Ng4 8. Bxg7 Kxg7 9. Nh3 Nd7 10. f3 Ngf6 11. g4 Be6 12. Nf4 Nb6 13. Nxe6+ fxe6 14. h5 Ng8 15. hxg6 hxg6 16. Bg2 Nc4 17. Qg5 Qd6 18. Qh4 Ne3 19. Qh7+ Kf6 20. g5+ 1-0

[Event "Tromsoe Bjornsens Forste tt"]
[Site "Tromsoe"]
[Date "2006.04.23"]
[Round "5"]
[White "Alsos, Ulv Greve"]
[Black "Svadberg, Anders"]
[Result "0-1"]
[WhiteElo "1027"]
[BlackElo "1126"]
[PlyCount "32"]
[EventDate "2006.04.21"]
[EventType "team"]
[EventRounds "5"]
[EventCountry "NOR"]
[SourceTitle "EXT 2008"]
[Source "ChessBase"]
[SourceDate "2007.11.25"]
[SourceVersion "1"]
[SourceVersionDate "2007.11.25"]
[SourceQuality "1"]

1. d4 d5 2. c4 e6 3. Nc3 Nf6 4. Bg5 Be7 5. e3 0-0 6. Qc2 a6 7. cxd5 exd5 8. Bd3 h6 9. Bh4 Be6 10. 0-0-0 Nbd7 11. h3 c5 12. dxc5 Nxc5 13. Bxf6 Bxf6 14. Kb1 Rc8 15. Bc4 Bxc3 16. Qxc3 Ne4 0-1

[Event "NOR-chT north"]
[Site "Harstad"]
[Date "2006.01.27"]
[Round "1"]
[White "Soraas, Torben"]
[Black "Alsos, Ulv Greve"]
[Result "1-0"]
[WhiteElo "2047"]
[BlackElo "997"]
[PlyCount "27"]
[EventDate "2006.01.27"]
[EventType "team"]
[EventRounds "5"]
[EventCountry "NOR"]
[SourceTitle "EXT 2008"]
[Source "ChessBase"]
[SourceDate "2007.11.25"]
[SourceVersion "1"]
[SourceVersionDate "2007.11.25"]
[SourceQuality "1"]

1. e4 d6 2. d4 Nf6 3. Nc3 g6 4. Be3 Bg7 5. Qd2 0-0 6. Bh6 Nc6 7. 0-0-0 a6 8. h4 b5 9. f3 b4 10. Nd5 Bxh6 11. Qxh6 Nxd5 12. exd5 Nb8 13. h5 Bf5 14. g4 1-0

[Event "Molde"]
[Site "Molde"]
[Date "2004.07.09"]
[Round "8"]
[White "Thingstad, Even"]
[Black "Alsos, Ulv Greve"]
[Result "1-0"]
[WhiteElo "1311"]
[BlackElo "920"]
[PlyCount "79"]
[EventDate "2004.07.03"]
[EventType "swiss"]
[EventRounds "8"]
[EventCountry "NOR"]
[SourceTitle "EXT 2008"]
[Source "ChessBase"]
[SourceDate "2007.11.25"]
[SourceVersion "1"]
[SourceVersionDate "2007.11.25"]
[SourceQuality "1"]

1. d4 d6 2. c4 g6 3. Nf3 Bg7 4. g3 Nf6 5. Nc3 0-0 6. Bg2 b6 7. 0-0 Bb7 8. Qc2 c5 9. dxc5 bxc5 10. Rd1 Nc6 11. Be3 Qc7 12. Nb5 Nb4 13. Qb3 Qc6 14. Nh4 Qb6 15. Qxb4 Bxg2 16. Nxg2 cxb4 17. Bxb6 axb6 18. a3 Rfc8 19. b3 Ne4 20. Ra2 Nc3 21. Nxc3 bxc3 22. a4 Rcb8 23. Rc2 Rd8 24. Nf4 e6 25. e4 Be5 26. Ne2 b5 27. cxb5 Rdc8 28. f4 Bg7 29. Rxd6 Rd8 30. Rxd8+ Rxd8 31. Kf1 Rd2 32. Rc1 c2 33. Ke1 Rd1+ 34. Rxd1 cxd1Q+ 35. Kxd1 Bf8 36. b6 Bd6 37. e5 Bb8 38. a5 Kf8 39. a6 Ke7 40. a7 1-0

[Event "Barents Region-chC"]
[Site "Arta"]
[Date "2004.06.19"]
[Round "3"]
[White "Svadberg, Anders"]
[Black "Alsos, Ulv Greve"]
[Result "1-0"]
[WhiteElo "1029"]
[BlackElo "720"]
[PlyCount "41"]
[EventDate "2004.06.18"]
[EventType "swiss"]
[EventRounds "6"]
[EventCountry "NOR"]
[SourceTitle "EXT 2007"]
[Source "ChessBase"]
[SourceDate "2006.11.23"]
[SourceVersion "1"]
[SourceVersionDate "2006.11.23"]
[SourceQuality "1"]

1. e4 g6 2. d4 Bg7 3. Nf3 d6 4. h3 Nf6 5. Nc3 0-0 6. Bf4 c5 7. e5 Ne8 8. dxc5 b6 9. cxd6 exd6 10. Qd2 Nc6 11. Rd1 Be6 12. Bb5 Nxe5 13. Nxe5 dxe5 14. Qxd8 Rxd8 15. Rxd8 exf4 16. Rxe8 Rxe8 17. Bxe8 Bxc3+ 18. bxc3 Bxa2 19. 0-0 Kf8 20. Bb5 Kg7 21. Ra1 1-0